Метасоматические процессы в докембрийских толщах: сборник статей

Bibliographische Detailangaben
Körperschaft: Академия наук СССР (АН СССР) Институт геологии и геохронологии докембрия (ИГГД)
Weitere Verfasser: Рундквист Д. В. (редактор), Бушлин С. А.
Sprache:Russisch
Veröffentlicht: СПб., Наука, 1991
Schlagworte:
Format: Buch
KOHA link:https://koha.lib.tpu.ru/cgi-bin/koha/opac-detail.pl?biblionumber=136058

MARC

LEADER 00000nam0a2200000 4500
001 136058
005 20231031140316.0
010 |a 5020244864 
020 |a RU  |b 91-54970 
035 |a (RuTPU)RU\TPU\book\147449 
090 |a 136058 
100 |a 20080418d1991 m a0rusy5003 ca 
101 0 |a rus 
102 |a RU 
105 |a a z 001zy 
200 1 |a Метасоматические процессы в докембрийских толщах  |e сборник статей  |f Академия наук СССР (АН СССР), Институт геологии и геохронологии докембрия (ИГГД) ; отв. ред. Д. В. Рундквист, С. А. Бушлин 
210 |a СПб.  |c Наука  |d 1991 
215 |a 260 с.  |c ил. 
320 |a Библиогр. в конце ст. 
610 1 |a метасоматизм 
610 1 |a докембрийские отложения 
610 1 |a сборники 
675 |a 553.22  |v 3 
702 1 |a Рундквист  |b Д. В.  |4 340 
702 1 |a Бушлин  |b С. А.  |4 340 
712 0 2 |a Академия наук СССР (АН СССР)  |b Институт геологии и геохронологии докембрия (ИГГД)  |c (Ленинград)  |2 stltpush  |3 (RuTPU)RU\TPU\col\11390 
801 0 |a RU  |b RuMRKP  |c 19950417  |g psbo 
801 1 |a RU  |b 63413507  |c 20080418  |g PSBO 
801 2 |a RU  |b 63413507  |c 20090113  |g PSBO 
942 |c BK